00677nam a2200205Ia 450000500170000000800410001702000180005804100080007608200130008410000220009724500570011926000320017630000090020850000150021765000230023270000220025594200070027799900170028495201700030120230318125925.0230125s9999 xx 000 0 und d a9780465025091 aeng a150bGAR aGardner H9116455 aFrames of MindbThe Theory of Multiple Intelligences c1983bBasic BooksaNew York a440p aPsychology aPsychology9106838 aGardner H9116455 cBK c94121d94121 00104070aHIMRbHIMRd2016-03-02eDonated Book- Outside Donarg1.00l1o150 GAR DB2569pHIMR-DB-2569r2025-02-03 00:00:00s2025-01-27v1.00w2023-01-25yDBzDB2569